LEADER 01284nam a2200337 i 4500 001 991004141469707536 008 090212s2009 dcua b 001 0 eng 020 $a9781433803970 020 $a1433803976 035 $ab1381025x-39ule_inst 040 $aSet. Economia - SAGA$bita 082 04$a616.85225 245 00$aDisgust and its disorders :$btheory, assessment, and treatment implications /$cedited by Bunmi O. Olatunji and Dean McKay 260 $aWashington, DC :$bAmerican Psychological Association,$cc2009 300 $axvii, 324 p. :$bill. ;$c26 cm 504 $aIncludes bibliographical references and indexes 650 0$aAversion. 650 12$aPhobic Disorders$xpsychology 650 12$aPhobic Disorders$xtherapy 650 22$aAffective Symptoms$xcomplications 650 22$aCross-Cultural Comparison 650 22$aEmotions 650 22$aPsychotherapy$xmethods 700 1 $aOlatunji, Bunmi O. 700 1 $aMcKay, Dean 907 $a.b1381025x$b28-01-14$c12-02-09 912 $a991004141469707536 945 $aLE025 ECO 616 OLA01.01$g1$i2025000224759$lle025$nProf. Guido$o-$pE59.00$q-$rl$s- $t0$u1$v1$w1$x0$y.i14949908$z06-04-09 996 $aDisgust and its disorders$91225929 997 $aUNISALENTO 998 $ale025$b12-02-09$cm$da $e-$feng$gdcu$h0$i0 LEADER 01299nam 2200397 450 001 9910717033903321 005 20211229092152.0 035 $a(CKB)5470000002527869 035 $a(OCoLC)1290315034 035 $a(EXLCZ)995470000002527869 100 $a20211229j199008 ua 0 101 0 $aeng 135 $aur||||||||||| 181 $ctxt$2rdacontent 182 $cc$2rdamedia 183 $acr$2rdacarrier 200 10$aPotential of solar-simulator-pumped alexandrite lasers /$fRussell J. De Young 210 1$aHampton, Virginia :$cNational Aeronautics and Space Administration, Langley Research Center,$dAugust 1990. 215 $a1 online resource (approximately 16 pages) $cillustrations 225 1 $aNASA/TM ;$v102701 300 $a"August 1990." 320 $aIncludes bibliographical references (page 8). 606 $aAlexandrite$2nasat 606 $aLaser materials$2nasat 606 $aSolar simulators$2nasat 615 7$aAlexandrite. 615 7$aLaser materials. 615 7$aSolar simulators. 700 $aDe Young$b R. J.$01386421 712 02$aLangley Research Center, 801 0$bGPO 801 1$bGPO 906 $aBOOK 912 $a9910717033903321 996 $aPotential of solar-simulator-pumped alexandrite lasers$93435373 997 $aUNINA